[Event "XLII San Sebastian Open 2019"]
[Site "San Sebastian"]
[Date "2019.04.14"]
[Round "3.6"]
[White "Alshameary Puente, Ismael"]
[Black "Garcia Salamero, Gabriel"]
[Result "1-0"]
[WhiteElo "2425"]
[BlackElo "2177"]
[Annotator "TA"]
[PlyCount "129"]
[EventDate "2019.04.13"]
[EventType "swiss"]
[EventCountry "ESP"]
[SourceTitle "playchess.com"]
[Source "ChessBase"]
[SourceQuality "1"]

{[%evp 24,129,45,27,39,25,37,0,50,11,84,37,51,47,52,48,71,33,77,83,108,108,93,72,64,55,76,6,65,24,62,62,77,77,52,62,56,68,81,77,108,0,0,0,0,0,0,0,132,132,127,103,165,158,158,147,139,115,168,150,198,108,235,112,158,139,150,150,147,142,188,188,172,156,188,178,210,231,225,218,237,55,78,-3,135,166,160,148,158,149,399,393,627,623,581,533,1144,1176,29990,29983,29982,29983,29983,29984,29984,29985,29975,6118]} 1. d4 d5 2. c4 e6 3. Nc3 Nf6 4. cxd5 exd5 5. Bg5 c6 6. e3 Be7 7. Bd3 O-O 8. Qc2 Nbd7 {[%cal Bb8d7,Bd7f8,Bf8e6][%mdl 32]} 9. Nf3 Re8 10. O-O h6 11. Bf4 Nf8 12. h3 Ne6 13. Bh2 Bd6 {D36: Queen's Gambit Declined: Exchange Variation: Main line (5 Bg5 c6 6 Qc2)} 14. Ne5 a6 15. Rad1 Qe7 {[#] The position is equal.} 16. Rfe1 $146 ({Predecessor:} 16. Kh1 Bxe5 17. Bxe5 Ng5 18. f3 Nh5 19. Rde1 {1-0 (36) Ivanisevic,I (2588)-Sanchez Castillo,S (2177) Reykjavik 2006}) 16... Bd7 (16... Qc7 $11) 17. Na4 Rad8 18. a3 Bc8 19. b4 Ng5 20. Kh1 Bc7 21. Nc5 Nge4 22. f3 ({But not} 22. Nxe4 $6 dxe4 23. Bxa6 (23. Bxe4 $2 Nxe4 24. Qxe4 f6 $19) 23... bxa6 $11) (22. Bxe4 $6 Nxe4 23. Nxe4 dxe4 $11) 22... Ng5 23. Qf2 Bd6 24. h4 Ne6 25. Nb3 (25. g4 $16) 25... Qc7 ({Black should try} 25... Nd7 $11) 26. Rg1 h5 27. g4 hxg4 28. fxg4 Nf8 {[%cal Rd6e5]} 29. g5 Ne4 30. Bxe4 $1 dxe4 31. Rdf1 $36 {[%cal Re5f7][%mdl 2048] White has strong initiative.} Be6 32. Nd2 (32. Nc5 $16) 32... Ng6 $1 $11 {[%cal Rg6e5]} 33. Nxg6 fxg6 34. Bxd6 Qxd6 35. Qh2 Bf5 (35... Qd5 $11) 36. Qxd6 $16 Rxd6 37. Kh2 Kf7 (37... Be6 $16) 38. Kg3 $18 Ke6 39. Nb3 b6 40. Rf2 Kd7 (40... Rdd8 $16) 41. Nd2 Rd5 42. Rc1 ({Better is} 42. Nc4 $18) 42... Kc7 (42... Rxd4 $16 {was necessary.} 43. exd4 e3) 43. Nb1 (43. Nc4 $18 {has better winning chances.}) 43... Kb7 44. Nc3 Rd6 45. h5 Rh8 46. Rh1 c5 47. bxc5 bxc5 {[#]} 48. d5 $1 (48. dxc5 Rd3 $11) 48... Kc7 49. h6 gxh6 50. gxh6 Rb6 51. Kf4 Rb3 52. Nb1 $2 (52. Nxe4 $18 {Strongly threatening h7.} Bxe4 53. Kxe4 Re8+ 54. Kf4 (54. Kf3 Rbxe3+ 55. Kg4 Kd6 $18) 54... Rf8+ 55. Kg3 Rxe3+ 56. Kg2) 52... Kd6 $14 53. h7 (53. Nd2 $16 Rc3 54. Nxe4+ Bxe4 55. Kxe4 Re8+ 56. Kf3) 53... Rxb1 (53... Kxd5 $11 {remains equal.} 54. Rc2 Rb7 55. Nc3+ Ke6 56. Nxe4 Bxe4 57. Kxe4 Rhxh7 58. Rxh7 Rxh7) 54. Rxb1 $16 Rxh7 $11 {[%mdl 4096] Endgame KRR-KRB} 55. Rd2 {Threatens to win with Rb6+.} Rh4+ 56. Kg5 Rh3 $2 (56... Rh8 $16 {keeps fighting.} 57. Kf6 Rf8+ 58. Kg7 Rd8 59. Rb6+ Ke5) 57. Kf6 $18 Rxe3 (57... Kc7 $142 58. Ke5 Rh5) 58. Rb6+ {[%mdl 64] [#] Double Attack} Kd7 {If only Black now had time for ...Rd3....} 59. Rxa6 Rh3 60. Rb2 Kc8 61. Rc6+ {White mates.} Kd8 62. Rb8+ Kd7 63. Rb7+ Kd8 64. d6 Rf3 65. Ke5 {Accuracy: White = 41%, Black = 27%.} 1-0

[Event "XLII San Sebastian Open 2019"]
[Site "San Sebastian"]
[Date "2019.04.14"]
[Round "3.7"]
[White "Pastor Alonso De Prado, Alberto"]
[Black "Suarez Garcia, Carlos"]
[Result "0-1"]
[WhiteElo "2090"]
[BlackElo "2424"]
[Annotator "TA"]
[PlyCount "46"]
[EventDate "2019.04.13"]
[EventType "swiss"]
[EventCountry "ESP"]
[SourceTitle "playchess.com"]
[Source "ChessBase"]
[SourceQuality "1"]

{[%evp 20,46,-7,-14,-9,-9,-9,-9,-10,-53,-42,-39,-33,-67,-69,-85,-78,-104,-105,-109,-111,-94,-50,-56,-54,-53,-56,-356,-349]} 1. e4 c5 2. c3 Nf6 3. e5 Nd5 4. d4 cxd4 5. Nf3 d6 6. cxd4 Nc6 7. Nc3 dxe5 8. dxe5 Nxc3 9. Qxd8+ Nxd8 10. bxc3 Bd7 11. Be3 g6 {B22: Sicilian: 2 c3} (11... e6 12. Nd4 Rc8 13. Kd2 a6 14. Rb1 Bc5 15. Bd3 Ba4 16. f4 b5 17. f5 exf5 18. Nxf5 Ne6 19. Rhe1 {0-1 (58) Sveshnikov,E (2502)-Shirov,A (2685) Jurmala 2016}) 12. Nd4 Bg7 13. f4 Rc8 {The position is equal.} 14. Kd2 O-O 15. Rb1 f6 16. exf6 Rxf6 17. h4 Rd6 $146 ({Predecessor:} 17... a6 18. h5 Rd6 19. hxg6 hxg6 {0-1 (59) Poulheim,K (2372)-Schwarte,J (2219) ICCF email 2009}) 18. h5 Ne6 19. hxg6 hxg6 20. Bd3 Nxd4 21. Bxd4 Bxd4 22. cxd4 Rxd4 {[#] ...Bf5 is the strong threat.} 23. Rxb7 $2 {[%mdl 8192]} ({White should try} 23. Ke3 $15 Rxd3+ {[%mdl 64] Remove Defender} 24. Kxd3 Bf5+ 25. Kd4 Bxb1 26. Rxb1) 23... Bf5 {Accuracy: White = 42%, Black = 96%.} 0-1

[Event "XLII San Sebastian Open 2019"]
[Site "San Sebastian"]
[Date "2019.04.14"]
[Round "3.8"]
[White "Perez Gonzalez, Jose Manuel"]
[Black "Moreno Estebanez, Patxi"]
[Result "1/2-1/2"]
[WhiteElo "2231"]
[BlackElo "2153"]
[Annotator "TA"]
[PlyCount "33"]
[EventDate "2019.04.13"]
[EventType "swiss"]
[EventCountry "ESP"]
[SourceTitle "playchess.com"]
[Source "ChessBase"]
[SourceQuality "1"]

{[%evp 14,33,22,18,13,16,9,23,0,-2,11,6,11,6,8,8,20,0,29,0,11,0]} 1. e4 c5 2. Nf3 g6 3. d4 cxd4 4. Nxd4 Bg7 5. Nc3 Nc6 6. Be3 Nf6 7. Bc4 O-O 8. Bb3 Re8 {B35: Sicilian: Accelerated Dragon with 5 Nc3: main line} 9. O-O (9. f3 d5 10. exd5 Nb4 11. Nde2 e6 12. Bd4 exd5 13. Qd2 Nc6 14. O-O-O Nxd4 15. Nxd4 Bd7 16. g4 {1-0 (33) Navara,D (2740)-Gelfand,B (2703) Batumi 2018}) 9... d6 10. h3 Na5 {White has an edge.} 11. Re1 b6 12. Qd3 Bb7 13. Ba4 {[#] aiming for b4.} Nd7 $1 14. Qb5 {[#]} Nf6 $146 ({Predecessor:} 14... Bxd4 15. Bxd4 Bc6 16. Qa6 Bxa4 17. Nxa4 {0-1 (44) Wieczorek,O (2464)-Kanarek,M (2506) Zgierz 2018}) 15. Qd3 {Threatens to win with b4.} Nd7 $1 16. Qb5 Nf6 17. Qd3 {Accuracy: White = 37%, Black = 52%.} 1/2-1/2

[Event "XLII San Sebastian Open 2019"]
[Site "San Sebastian"]
[Date "2019.04.14"]
[Round "3.9"]
[White "Russell, Christopher"]
[Black "Torres, Patrice"]
[Result "1-0"]
[WhiteElo "2178"]
[BlackElo "1917"]
[Annotator "TA"]
[PlyCount "45"]
[EventDate "2019.04.13"]
[EventType "swiss"]
[EventCountry "ESP"]
[SourceTitle "playchess.com"]
[Source "ChessBase"]
[SourceQuality "1"]

{[%evp 12,45,6,0,24,34,35,10,17,13,40,39,47,39,39,37,39,30,58,53,53,50,54,52,66,55,50,49,102,114,210,191,164,141,149,134]} 1. e4 e6 2. d4 d5 3. Nc3 Bb4 4. exd5 exd5 5. Bd3 Nf6 6. Nge2 c6 {C01: French: Exchange Variation} (6... O-O 7. O-O c6 8. Bg5 h6 9. Bh4 Re8 10. f3 Nbd7 11. Qd2 Nf8 12. Rae1 Bd6 13. Bg3 Ng6 14. Bxd6 Qxd6 15. Bxg6 fxg6 {1-0 (39) Aronian,L (2767)-Caruana,F (2822) chess.com INT 2018}) 7. O-O {LiveBook: 33 Games} Bg4 8. f3 Bh5 {White is slightly better.} 9. Bg5 Bg6 10. Nf4 Nbd7 11. Re1+ Kf8 12. a3 $146 ({Predecessor:} 12. Qd2 Qb6 13. Bf1 Nh5 14. Nxh5 Bxh5 {1-0 (75) Zacharias,C (2205)-Gurack,D (2185) Germany 2006}) 12... Bd6 13. Nce2 Qc7 14. g3 Nh5 15. Nxh5 Bxh5 16. Kg2 $1 Bg6 17. Bf4 Re8 18. Bxd6+ Qxd6 19. Nf4 Nf6 (19... Rxe1 $14 20. Qxe1 Bxd3 21. Nxd3 g6) 20. Qd2 $16 Nh5 (20... a6 $16 21. Rac1 Qc7) 21. Nxh5 {White is clearly better.} Bxh5 22. Qa5 {[#] aiming for Rxe8+.} Ra8 23. Re3 {Accuracy: White = 68%, Black = 27%.} 1-0

[Event "XLII San Sebastian Open 2019"]
[Site "San Sebastian"]
[Date "2019.04.14"]
[Round "3.10"]
[White "Gomez Calvo, Jose Ricardo"]
[Black "Safranska, Anda"]
[Result "1/2-1/2"]
[WhiteElo "1897"]
[BlackElo "2167"]
[Annotator "TA"]
[PlyCount "59"]
[EventDate "2019.04.13"]
[EventType "swiss"]
[EventCountry "ESP"]
[SourceTitle "playchess.com"]
[Source "ChessBase"]
[SourceQuality "1"]

{[%evp 21,59,30,41,24,19,-3,26,23,33,26,29,14,11,9,23,22,41,35,63,22,60,37,45,18,112,108,127,109,160,21,13,0,0,0,0,0,0,0,47,0]} 1. c4 g6 2. g3 Bg7 3. Nc3 d6 4. Bg2 Nf6 5. e4 c5 6. Nge2 O-O 7. O-O Nc6 8. d3 Ne8 9. a3 Nc7 10. Rb1 Ne6 11. b4 {[%cal Bb2b4,Bb4b5][%mdl 32]} Rb8 12. b5 {A36: Symmetrical English vs ...g6: 4 Bg2 Bg7} (12. h3 a6 13. Be3 Bd7 14. Qd2 Ned4 15. Kh2 b5 16. f4 bxc4 17. dxc4 Be6 18. Nd5 Nxe2 19. Qxe2 cxb4 20. Nxb4 {½-½ (51) Brodsky,M (2561)-Roiz,M (2590) Sochi 2006}) 12... Ncd4 13. Nxd4 Nxd4 14. Ne2 {White has an edge.} b6 15. Nxd4 $146 ({Predecessor:} 15. Bb2 Nxe2+ 16. Qxe2 Be6 17. Bxg7 Kxg7 18. a4 Qd7 19. Ra1 Bh3 20. Bxh3 Qxh3 {½-½ (42) Dusek,L-Pospisil,J Moravia 2002}) 15... Bxd4 16. Bb2 Bxb2 17. Rxb2 e6 18. Re2 Qc7 19. f4 Bd7 20. g4 f6 21. f5 Rbe8 22. Ref2 {Hoping for fxg6.} Kg7 {[#]} (22... gxf5 $11 23. exf5 exf5) 23. fxe6 $1 $16 Rxe6 {[#]} 24. g5 $1 {[%mdl 512]} Re5 ({Better is} 24... h6) (24... fxg5 25. Rxf8) 25. h4 (25. gxf6+ $16 Kh8 26. Qf3) 25... f5 $11 26. exf5 Bxf5 27. Be4 Qd7 28. Qf3 Qe7 29. Qg3 Qe6 30. Kh2 {Accuracy: White = 42%, Black = 29%.} 1/2-1/2

[Event "XLII San Sebastian Open 2019"]
[Site "San Sebastian"]
[Date "2019.04.14"]
[Round "3.11"]
[White "Cabanas Jimenez, Manuel"]
[Black "Esnaola San Sebastian, Jon"]
[Result "1-0"]
[WhiteElo "2119"]
[BlackElo "1835"]
[Annotator "TA"]
[PlyCount "28"]
[EventDate "2019.04.13"]
[EventType "swiss"]
[EventCountry "ESP"]
[SourceTitle "playchess.com"]
[Source "ChessBase"]
[SourceQuality "1"]

{[%evp 16,28,19,8,8,0,252,254,233,247,245,233,836,804,2102]} 1. e4 e6 2. d4 d5 3. Nc3 Nf6 4. Bg5 Be7 5. e5 Nfd7 6. Bxe7 Qxe7 7. f4 O-O 8. Nf3 c5 9. dxc5 Nxc5 {C14: French: Classical System: 4 Bg5 Be7 main line} (9... Nc6 10. Bd3 f6 11. exf6 Qxf6 12. g3 Nxc5 13. O-O Bd7 14. Bb5 Ne7 15. Bxd7 Nxd7 16. Qd2 Nc5 17. Rae1 Rac8 18. Ne5 Rfd8 19. Rf2 Nf5 20. Ng4 Qg6 21. Ne5 Qf6 22. Ng4 Qg6 23. Ne5 {½-½ (23) Kovchan,A (2587)-Danin,A (2559) Dresden 2017}) 10. Bd3 {Black must now prevent Bxh7+.} a6 $2 {[%mdl 8192] [#]} (10... Nc6 $11) 11. Bxh7+ $146 {[%mdl 512]} ({Predecessor:} 11. O-O) 11... Kxh7 12. Ng5+ Kg6 {...f6 is the strong threat.} 13. Qg4 {[%mdl 1024] Threatening mate with Nxe6+. White has strong compensation.} f5 $2 (13... f6 14. exf6 (14. Nxe6+ Kf7 $15) 14... Kxf6) 14. Qh4 {[%csl Gg5][%cal Rh4h7]} Rh8 1-0

[Event "XLII San Sebastian Open 2019"]
[Site "San Sebastian"]
[Date "2019.04.14"]
[Round "3.12"]
[White "Berdote Alonso, Carlos"]
[Black "Troffiguer, Olivier"]
[Result "0-1"]
[WhiteElo "1879"]
[BlackElo "2081"]
[Annotator "NA RC"]
[PlyCount "96"]
[EventDate "2019.04.13"]
[EventType "swiss"]
[EventCountry "ESP"]
[SourceTitle "playchess.com"]
[Source "ChessBase"]
[SourceQuality "1"]
[TimeControl "5400+30"]

1. d4 {[%emt 0:00:00]} Nf6 {[%emt 0:00:00]} 2. c4 {[%emt 0:00:16]} e6 {[%emt 0:00:07]} 3. Nf3 {[%emt 0:01:07]} d5 {[%emt 0:00:54]} 4. Bf4 {[%emt 0:03:23]} Bb4+ {[%emt 0:07:37]} 5. Nc3 {[%emt 0:05:44]} O-O {[%emt 0:01:52]} 6. e3 {[%emt 0:06:16]} c5 {[%emt 0:04:57]} 7. Qc2 {[%emt 0:07:20]} Qa5 {[%emt 0:12:03]} 8. dxc5 {[%emt 0:08:22]} Ne4 {[%emt 0:15:32]} 9. Rc1 {[%emt 0:15:21]} Bxc3+ {[%emt 0:12:59]} 10. bxc3 {[%emt 0:01:14]} Qxc5 {[%emt 0:00:22]} 11. Bd3 {[%emt 0:01:37]} f5 {[%emt 0:00:40]} 12. O-O {[%emt 0:03:42]} Nc6 {[%emt 0:02:05]} 13. cxd5 {[%emt 0:04:55]} exd5 {[%emt 0:00:35]} 14. Nd4 {[%emt 0:00:49]} Nxd4 {[%emt 0:08:21]} 15. cxd4 {[%emt 0:02:21]} Qxc2 {[%emt 0:01:37]} 16. Rxc2 {[%emt 0:00:09]} Be6 {[%emt 0:04:29]} 17. Rc7 {[%emt 0:09:11]} Rf7 {[%emt 0:00:08]} 18. Rfc1 {[%emt 0:00:13]} Rxc7 {[%emt 0:01:01]} 19. Rxc7 {[%emt 0:00:24]} Rc8 {[%emt 0:00:16]} 20. Rxc8+ {[%emt 0:03:00]} Bxc8 {[%emt 0:00:06]} 21. Bxe4 {[%emt 0:00:07]} fxe4 {[%emt 0:00:51]} 22. Kf1 {[%emt 0:00:12]} Kf7 {[%emt 0:02:22]} 23. Ke1 {[%emt 0:01:24]} Ke8 {[%emt 0:00:46]} 24. Kd2 {[%emt 0:03:18]} Kd7 {[%emt 0:00:30]} 25. Kc3 {[%emt 0:05:09]} Kc6 {[%emt 0:00:23]} 26. Bb8 {[%emt 0:02:53]} a5 {[%emt 0:03:30]} 27. Be5 {[%emt 0:03:46]} g6 {[%emt 0:00:08]} 28. Bf6 {[%emt 0:00:29]} b6 {[%emt 0:05:49]} 29. Bd8 {[%emt 0:04:39]} Kb5 {[%emt 0:01:41]} 30. Bc7 {[%emt 0:01:14]} Bd7 {[%emt 0:00:46]} 31. Bd8 {[%emt 0:00:14]} Ka6 {[%emt 0:00:31]} 32. Be7 {[%emt 0:01:33]} Bb5 {[%emt 0:00:28]} 33. a3 {[%emt 0:01:02]} Bf1 {[%emt 0:00:11]} 34. g3 {[%emt 0:00:28]} Kb5 {[%emt 0:01:54]} 35. Bd8 {[%emt 0:01:24]} Bc4 {[%emt 0:00:34]} 36. Bc7 {[%emt 0:00:19]} Kc6 {[%emt 0:01:48]} 37. Bd8 {[%emt 0:00:10]} Kb7 {[%emt 0:00:15]} 38. Be7 {[%emt 0:02:38]} Kc7 {[%emt 0:00:28]} 39. Bf6 {[%emt 0:01:13]} Kd7 {[%emt 0:00:14]} 40. Be5 {[%emt 0:00:06]} b5 {[%emt 0:00:33]} 41. Bf6 {[%emt 0:00:31]} Ke6 {[%emt 0:01:38]} 42. Bd8 {[%emt 0:00:40]} Kf5 {[%emt 0:02:17]} 43. Bxa5 {[%emt 0:01:51]} Kg4 {[%emt 0:00:06]} 44. Kd2 {[%emt 0:00:45]} Kh3 {[%emt 0:00:20]} 45. Bc7 {[%emt 0:00:28]} Kxh2 {[%emt 0:00:36]} 46. g4+ {[%emt 0:00:30]} Kg2 {[%emt 0:00:10]} 47. Ke1 {[%emt 0:00:06]} h5 {[%emt 0:00:23]} 48. Bg3 Kh3 {[%emt 0:00:43]} 0-1

[Event "XLII San Sebastian Open 2019"]
[Site "San Sebastian"]
[Date "2019.04.15"]
[Round "4.1"]
[White "Vazquez Igarza, Renier"]
[Black "Harutjunyan, Gevorg"]
[Result "1-0"]
[WhiteElo "2548"]
[BlackElo "2440"]
[Annotator "TA"]
[PlyCount "99"]
[EventDate "2019.04.13"]
[EventType "swiss"]
[EventCountry "ESP"]
[SourceTitle "playchess.com"]
[Source "ChessBase"]
[SourceQuality "1"]

{[%evp 9,99,-6,-11,-14,0,0,0,-8,-11,-22,-13,-28,5,0,20,16,14,14,19,2,25,13,35,31,31,29,28,0,0,0,0,0,97,99,91,89,89,92,117,117,123,113,131,118,124,122,139,147,184,158,145,116,172,172,173,181,186,175,215,207,277,168,210,186,652,651,629,428,428,428,435,434,441,445,445,445,445,445,866,1015,871,877,791,786,600,551,5406,5406,5335,1936,5271,4521]} 1. d4 Nf6 2. Nf3 g6 3. Nbd2 c5 (3... Bg7 4. e4 d6 5. Bb5+ c6 6. Bd3 O-O 7. O-O c5 8. d5 e6 9. c4 Re8 10. Rb1 Na6 11. a3 exd5 12. exd5 Nc7 13. b3 b5 14. Qc2 Rb8 15. Bb2 Bd7 16. Bc3 Na8 17. Rfe1 Nb6 18. Rxe8+ Bxe8 19. Qc1 {½-½ (19) Dubov,D (2703)-Svidler,P (2737) St Petersburg 2018}) 4. e4 cxd4 5. e5 Nd5 6. Nxd4 {A48: 1 d4 Nf6 2 Nf3 g6: Torre, London and Colle Systems} Bg7 7. N2f3 O-O $146 ({Predecessor:} 7... Nc6 8. Nxc6 dxc6 9. Bd2 Bg4 10. c4 Nb6 11. Bc3 {0-1 (26) Nachtkamp,H (2102)-Doberitz,P (2227) Hamburg 2010}) 8. Bc4 {The position is equal.} Nc6 9. Nxc6 dxc6 10. h3 Bf5 11. Qe2 Qa5+ 12. Bd2 Qb6 13. Bb3 a5 {Black wants to play ...a4.} 14. a4 Nb4 15. Be3 Qa6 16. Qxa6 Rxa6 17. O-O-O b5 18. Nd4 Be4 19. f3 $36 {[%mdl 2048] White has some pressure.} Bd5 20. c3 c5 (20... Bxe5 $11 21. Bh6 Bxd4 22. axb5 cxb5 23. Bxd5 Nxd5 24. Bxf8 Be3+ 25. Kb1 e6) 21. cxb4 $16 cxd4 22. Bxd5 dxe3 23. axb5 Rb6 {[#]} 24. Bc6 $1 axb4 25. f4 Bh6 26. g3 g5 27. Rd4 gxf4 28. gxf4 e6 29. Kc2 Rbb8 30. Re1 f6 (30... Rfd8 $16 31. Re4 (31. Rxb4 Rd2+ 32. Kb3 Rf2 $16) 31... Rd2+ 32. Kb3 Rf2) 31. Rxe3 $18 fxe5 32. Rxe5 Rf6 33. Rd6 Kf7 34. Rd7+ Kg8 35. Re7 Rxf4 36. R5xe6 Rc4+ $2 {[#]} (36... b3+ 37. Kxb3 Bf8) 37. Kb3 {White is clearly winning.} Rh4 38. Re8+ Rxe8 39. Rxe8+ {[%mdl 4096] Endgame KRB-KRB} ({Less strong is} 39. Bxe8 Rxh3+ 40. Kc4 (40. Kxb4 Bd2+ 41. Kc4 Re3 $16) 40... Bf4 $16) 39... Kf7 40. b6 Rxh3+ 41. Ka4 Bf4 42. b7 Rh2 43. b3 Rh6 (43... Ra2+ $142 44. Kxb4 Bd6+ 45. Kb5 h5) 44. Kb5 Rh5+ 45. Kb6 Rh3 46. b8=Q Bxb8 47. Rxb8 Kg7 48. Bd5 h5 49. Kc5 (49. Kb5 $142 Rh2 50. Kxb4) 49... h4 50. Rxb4 {Accuracy: White = 79%, Black = 39%.} 1-0

[Event "XLII San Sebastian Open 2019"]
[Site "San Sebastian"]
[Date "2019.04.15"]
[Round "4.2"]
[White "Suarez Garcia, Carlos"]
[Black "Cifuentes Parada, Roberto"]
[Result "1/2-1/2"]
[WhiteElo "2424"]
[BlackElo "2445"]
[Annotator "TA"]
[PlyCount "122"]
[EventDate "2019.04.13"]
[EventType "swiss"]
[EventCountry "ESP"]
[SourceTitle "playchess.com"]
[Source "ChessBase"]
[SourceQuality "1"]

{[%evp 14,122,53,37,51,53,41,50,71,67,78,77,110,113,110,109,115,116,118,101,101,101,109,87,107,83,117,72,172,182,163,165,160,55,55,68,67,77,70,51,75,39,34,28,34,24,29,-8,24,31,24,20,27,-25,-26,-67,31,17,18,0,0,-256,-264,-552,-554,-551,-534,-552,-545,-552,-549,-552,-535,-560,-502,-556,-556,-556,-553,-547,-545,-537,-530,-471,-471,-358,-79,-76,-68,-63,-66,-423,-57,-57,-56,-66,-15,-15,-15,-15,0,0,0,0,0,0,0,0,0,-70,0]} 1. Nf3 Nf6 2. g3 g6 3. b3 Bg7 4. Bb2 O-O 5. Bg2 d6 6. d4 c6 7. O-O Bf5 8. Nbd2 Ne4 {A49: 1 d4 Nf6 2 Nf3 g6 3 g3: Anti-King's Indian systems} 9. Nh4 Nxd2 10. Qxd2 Be6 {White is slightly better.} (10... Bc8 11. Rad1 a5 12. a4 Nd7 13. e4 Qc7 14. f4 b5 15. axb5 cxb5 16. Ra1 {0-1 (32) Mikhalevski,V (2579)-Bosiocic,M (2599) St Petersburg 2018}) 11. e4 d5 12. e5 f5 $146 ({Predecessor:} 12... f6 13. f4 f5 14. h3 Bf7 15. Nf3 e6 16. Ba3 {½-½ (73) Wagner,L (2108)-Gokcek,K (1974) Bad Blankenburg 2018}) 13. f4 a5 14. a4 Na6 15. Ba3 Qc7 16. Rfc1 Rfd8 17. Nf3 Bf8 18. c4 h6 19. Nh4 Kh7 20. g4 dxc4 (20... Qd7 $16 {was called for.}) 21. bxc4 $18 Qd7 22. gxf5 gxf5 {[#]} 23. Rd1 (23. Bb2 $1 $16) 23... Bxc4 $14 {White should prevent ...e6.} 24. Qc2 $1 {[%cal Rc2c4]} Bf7 25. Nxf5 Kh8 26. Ne3 e6 27. Nc4 {And now Nb6 would win.} Bh5 $1 {White must now prevent ...Bxa3.} 28. Rd2 Nb4 29. Qb3 Nd5 30. Rf1 Bxa3 31. Qxa3 Qg7 32. Kh1 {Threatens to win with f5.} Rg8 33. Nd6 (33. Qc1 $142) 33... Raf8 $11 34. Bxd5 cxd5 (34... Rxf4 $1 $15 35. Qc1 Rxf1+ 36. Qxf1 cxd5) 35. Qe3 $14 b6 36. f5 exf5 $40 {[%mdl 128] Black attacks.} 37. Nxf5 $2 {[%mdl 8192]} (37. Qf4 $11 {and White is okay.}) 37... Qg6 $19 38. Qd3 $2 (38. Qf4 {only move.} Bg4 39. Ne7 Bf3+ 40. Qxf3) 38... Bg4 {[%cal Rg4f5]} 39. Ng3 {Rxf8 is the strong threat.} Qxd3 40. Rxd3 Rxf1+ 41. Nxf1 {[%mdl 4096] Endgame KRB-KRN} Be2 {[%mdl 64] Double Attack} 42. Rh3 Bxf1 43. Rxh6+ {KRB-KR} Kg7 44. Rxb6 Bh3 45. Rb3 Rh8 46. Kg1 Rh4 47. Kf2 Be6 48. Rb6 Kf7 49. Ke3 Rxh2 $2 (49... Rh3+ $19 {has better winning chances.} 50. Kd2 Rxh2+ 51. Ke3 Rh3+ 52. Ke2 Ra3 53. Rb7+ Kg6) 50. Ra6 $17 Ra2 51. Rxa5 Kg6 52. Kf4 $2 {[%mdl 8192] [#]} (52. Ra6 $15 Kf5 53. a5) 52... Rd2 $2 ({Black should try} 52... Re2 $1 $19 {Strongly threatening ...Re4+.} 53. Kf3 Re4) 53. Ke3 $15 Rh2 54. Ra8 Kg5 (54... Rh3+ $15 55. Kd2 Kf5) 55. a5 $11 Rh3+ 56. Kd2 $1 Ra3 57. a6 Kf5 58. a7 {aiming for Rf8+.} Ke4 (58... Bf7 $5 {[%cal Rf5e4]}) 59. Re8 Rxa7 60. Rxe6 Kxd4 61. Rh6 (61. Re8 $11) 61... Kxe5 {Accuracy: White = 54%, Black = 61%.} (61... Ra2+ $15 62. Ke1 Kxe5 63. Rh5+ Kd4) 1/2-1/2

[Event "XLII San Sebastian Open 2019"]
[Site "San Sebastian"]
[Date "2019.04.15"]
[Round "4.3"]
[White "Del Rio De Angelis, Salvador G."]
[Black "Alshameary Puente, Ismael"]
[Result "1/2-1/2"]
[WhiteElo "2457"]
[BlackElo "2425"]
[Annotator "TA"]
[PlyCount "46"]
[EventDate "2019.04.13"]
[EventType "swiss"]
[EventCountry "ESP"]
[SourceTitle "playchess.com"]
[Source "ChessBase"]
[SourceQuality "1"]

{[%evp 16,46,52,41,59,62,70,41,66,39,50,35,64,66,61,52,76,54,60,77,120,146,165,114,164,91,106,76,76,68,100,40,58]} 1. d4 Nf6 2. c4 g6 3. Nc3 d5 4. cxd5 Nxd5 5. e4 Nxc3 6. bxc3 Bg7 7. Nf3 c5 8. Bb5+ Nd7 {D85: Exchange Grünfeld: Unusual White 7th moves and lines with 7 Nf3} 9. O-O {LiveBook: 110 Games} cxd4 (9... O-O 10. Rb1 Qc7 11. Bg5 a6 12. Bxd7 Qxd7 13. Rb6 Rd8 14. Qb1 a5 15. d5 c4 16. Nd4 Qc7 17. Bh4 Rd6 {½-½ (61) Dubov,D (2703)-Timofeev,A (2589) St Petersburg 2018}) 10. cxd4 O-O 11. Re1 $146 ({Predecessor:} 11. Be3 a6 12. Be2 Nf6 13. Bd3 b5 14. Rc1 Bb7 15. e5 Nd5 16. Qb3 Nxe3 17. fxe3 {0-1 (34) Odegaard,K (1257)-Warstad,L (1560) Fagernes 2014}) 11... Nb6 12. h3 Bd7 13. Bf1 Rc8 14. Bg5 Ba4 15. Qd2 Qd6 16. Bf4 Qd7 17. Qa5 Ra8 {[#]} ({Avoid the trap} 17... Bxd4 $2 18. Nxd4 Qxd4 19. Qxa7 $18) 18. Rac1 $1 {[%cal Rc1c7]} Rfc8 19. d5 (19. Rxc8+ $18 Nxc8 20. Rc1) 19... Bb2 {[#]} 20. Rxc8+ (20. Ne5 $1 $18 {[%cal Re5d7]} Qe8 21. Rxc8 Qxc8 22. Qb4) 20... Qxc8 $16 21. Be5 Bxe5 22. Nxe5 Qc2 23. Qb4 (23. Nd3 $16) 23... Qc7 $1 {Precision: White = 67%, Black = 42%.} 1/2-1/2